Sports Quiz

Random Sports or NCAA Quiz

NCAA Men's Basketball Coaches Quiz Stats

 Plays Quiz Updated Mar 29, 2019

Score 0/75 Timer 10:00
0 Plays Today
Conference Coach % Correct
ACCRoy Williams
87.1%
Big EastSteve Wojciechowski
74.1%
ACCMike Krzyzewski
73%
Big TenRichard Pitino
72.7%
ACCChris Mack
71.8%
SECJohn Calipari
69.8%
Big 12Bill Self
69.4%
ACCJim Boeheim
68.4%
Big TenTom Izzo
68.4%
Big EastPatrick Ewing
64.4%
Big 12Bobby Huggins
63.9%
Big EastGreg McDermott
62.8%
SECMichael White
59.8%
Big EastTravis Steele
56.8%
Big TenArchie Miller
55.6%
Big TenChris Holtmann
54.5%
Big EastJay Wright
54.3%
Big 12Shaka Smart
53.7%
SECRick Barnes
52.1%
SECFrank Martin
48.4%
ACCMike Brey
48.4%
Big 12Chris Beard
47%
Big TenGreg Gard
46.6%
Big 12Jamie Dixon
45.2%
ACCJeff Capel III
43.2%
Pac-12Mick Cronin
41.6%
Big 12Bruce Weber
41.2%
Big TenBrad Underwood
40.7%
ACCMike Young
39.3%
SECWill Wade
38.7%
Big TenMark Turgeon
38.4%
Big TenMatt Painter
37.6%
Big TenJuwan Howard
37.4%
Pac-12Sean Miller
36.9%
Big 12Lon Kruger
33.9%
Big EastMike Anderson
33.7%
Big 12Scott Drew
33.4%
SECCuonzo Martin
32.6%
Conference Coach % Correct
ACCTony Bennett
30.7%
ACCLeonard Hamilton
29.9%
Pac-12Mark Fox
28.9%
ACCJosh Pastner
27.4%
ACCKevin Keatts
27.2%
SECKermit Davis
26.9%
Big 12Mike Boynton
24%
Pac-12Mike Hopkins
23.9%
Pac-12Bobby Hurley
23.1%
SECNate Oats
22.9%
Big EastLaVall Jordan
22.8%
ACCJim LarraƱaga
22.2%
SECBryce Drew
22.2%
Big EastEd Cooley
21.7%
ACCDanny Manning
21.2%
SECEric Musselman
21.1%
ACCJim Christian
20.8%
Big EastDave Leitao
20.8%
Pac-12Wayne Tinkle
20.4%
Pac-12Dana Altman
20%
ACCBrad Brownell
19.8%
Big TenChris Collins
19.8%
Pac-12Jarod Haase
19.6%
SECBuzz Williams
19.1%
Pac-12Andy Enfield
17.7%
Big 12Steve Prohm
17.6%
Big TenFran McCaffery
17.2%
SECTom Crean
16.6%
SECBruce Pearl
15.6%
Big TenFred Hoiberg
13.6%
Big EastKevin Willard
12.5%
Big TenSteve Pikiell
12.5%
SECBen Howland
12.4%
Big TenPat Chambers
11.6%
Pac-12Tad Boyle
9.7%
Pac-12Kyle Smith
8.1%
Pac-12Larry Krystkowiak
3.1%

You're not logged in!

Compare scores with friends on all Sporcle quizzes.
OR
Log In

Sporcle TV

Today on Sporcle TV


Watch our educational content, quiz creation guides, and fun videos on Sporcle TV.

Show Comments

Extras

Top Quizzes Today


Score Distribution

Your Account Isn't Verified!

In order to create a playlist on Sporcle, you need to verify the email address you used during registration. Go to your Sporcle Settings to finish the process.

Report this User

Report this user for behavior that violates our Community Guidelines.

Details: